000 01791cam a2200157 4500500
005 20260208003722.0
041 _afre
042 _adc
100 1 0 _aSibertin-Blanc, Guillaume
_eauthor
245 0 0 _aL'art du déséquilibre (actualités bergsoniennes)
260 _c2005.
500 _a14
520 _aUn court extrait d’une lettre d’Épicure à son disciple Colotès (rapporté par Plutarque) en dit long sur la mystique de l’amitié telle qu’elle était pratiquée dans le Jardin par les premiers Épicuriens. Cet extrait pourrait être révélateur de certaines pratiques rituelles peu connues, plutôt étranges et certainement cachées du public. C’est moins l’acte de vénération du maître par ses disciples que la pratique qui se veut réciproque d’un Épicure vénérant et adorant lui-même ses propres disciples qui pose question. On connaît quelque peu ces pratiques grâce à la trahison d’un ancien membre qui a tout fait pour ébruiter les secrets intimes de la secte. Mais leur signification reste encore à élucider. Comment les comprendre ? Comment les intégrer dans l’ensemble de la doctrine ? Ce surgissement du pathos mystikos au sein d’un logos peri physeôs ne serait-il pas révélateur d’une philosophie qui serait apparue autant, sinon plus, comme une nouvelle religion des mystères, que sous l’aspect d’un système philosophique achevé ? Sans prétendre répondre à toutes ces questions, cette étude tente d’analyser ce qui nous reste de cette lettre d’Épicure à son disciple pour dégager quelques pistes.
786 0 _nLes Études philosophiques | 73 | 2 | 2005-06-01 | p. 261-266 | 0014-2166
856 4 1 _uhttps://shs.cairn.info/revue-les-etudes-philosophiques-2005-2-page-261?lang=fr&redirect-ssocas=7080
999 _c1648635
_d1648635